| 000 | 00685nam a2200205 a 4500 | ||
|---|---|---|---|
| 001 | BRCA_1051 | ||
| 005 | 20190320203247.0 | ||
| 008 | 100408s2007----sp-a---###---#000-0#spa-# | ||
| 020 | _a9788477982470 | ||
| 050 | 4 |
_aND613.A2 _b.P54 2007 |
|
| 100 | 1 |
_aPleguezuelo Hernández, Alfonso _93465 |
|
| 245 | 1 | 0 |
_aCayetano de Acosta _cAlfonso Pleguezuelo Hernández. |
| 260 |
_aSevilla _bArte Hispalense _c2007 |
||
| 300 |
_a196 p. _bil. a color _c20 cm. |
||
| 440 | 0 |
_aArte Hispalense _v80 _93466 |
|
| 504 | _aBibliografía: p. 187-196 | ||
| 600 | 1 | 4 |
_aAcosta, Cayetano de _d1709-1778 _xCrítica e interpretación _93467 |
| 650 | 1 | 4 |
_aEscultura _ySiglo XVIII _zSevilla, España _93468 |
| 942 |
_2lcc _cB |
||
| 999 |
_c930 _d930 |
||